000 01522nam a22003017a 4500
005 20080730155948.0
008 080730t xxu||||| |||| 00| 0 hin d
010 _aHIN-83861
020 _a8122504000
_c150.00
035 _aHN-56207
037 _bDBAD / PUB
040 _aDPL
_bHN
082 _a630.954
100 _aत्रिपाठी, बद्री विशाल
245 _aभारतीय कृषि
_cबद्री विशाल त्रिपाठी
_b(समस्यायें, विकास एवं संभावनायें) /
246 _aBhartiya krishi
_bby Badri Vishal Tripathy
250 _a3रा संस्क.
260 _aइलाहाबाद
_bकिताब महल
_c2006
270 _a22-ए, सरोजनी नायडू मार्ग
_bइलाहाबाद
_e211001
_k2423466
300 _aix, 455पृ.
_c22सेमी
500 _aग्रंथ-सूची संल्गन
650 _aकृषि
_zभारतीय
650 _aAgriculture
_zIndian
650 _aLemon
942 _2ddc
_cHN
_h630.954
_mत्रिपाठी
999 _c14683
_d14683